00245 a2200109 4500001000700000020000600007040001100013100002700024240004000051245003500091362000900126165874 a  cMagnum aWachowicz, Lilian Anna10aO metodo dialetico na didaticalpor10aO metodo dialetico na didatica0 a1899